000 00913cad a22002535a 4500
001 L158594
008 121219e2015 xxk 000 0 eng d
035 _a(Sirsi) u158594
041 0 _aeng
100 1 _aDavis, T.
245 0 0 _aLevels of loss
_h[electronic resource]
260 _c2015
490 _aRICS Property Journal
_vMay-June 2015, 30-31(2)
520 _aExamines the different ways that a valuer can quantify loss.
650 2 4 _aSCHEDULES OF DILAPIDATIONS
650 2 4 _aDIMINUTION VALUE
650 _aRUXLEY ELECTRONICS & CONSTRUCTION LTD V FORSYTH
650 2 4 _aSUNLIFE EUROPE PROPERTIES LTD V TIGER ASPECT HOLDINGS LTD
651 4 _aUnited Kingdom
_y
690 _aValuation
_96273
710 _aRoyal Institution of Chartered Surveyors
_94900
856 4 0 _uhttps://www.rics.org/uk/news/journals/property-journal
_zView the journal free of charge at www.rics.org/journals...
942 _n0
999 _c84631
_d84631